书目信息 |
| 题名: |
白狼:以色列特工秘密档案
|
|
| 作者: | 宁泉骋 著 | |
| 分册: | ||
| 出版信息: | 广州 广州出版社 2000.03 |
|
| 页数: | 373页 | |
| 开本: | 32开 | |
| 丛书名: | ||
| 单 册: | ||
| 中图分类: | D738.236 | |
| 科图分类: | ||
| 主题词: | 政治 | |
| 电子资源: | ||
| ISBN: | 7-80655-039-9 | |
| 000 | 00563nam0 2200193 45 | |
| 001 | 0104120952 | |
| 005 | 20010412094915.6 | |
| 010 | @a7-80655-039-9@d19.00元 | |
| 100 | @a20010412d2000 km y0chiy0120 ea | |
| 101 | 0 | @achi |
| 105 | @a z 000yy | |
| 200 | 1 | @a白狼:以色列特工秘密档案@ABai Lang:Yi Se Lie Te Gong Mi Mi Dang An@f宁泉骋著@FNing Quan Cheng Zhu |
| 210 | @a广州@c广州出版社@d2000.03 | |
| 215 | @a373页@d32开 | |
| 606 | 0 | @a政治 |
| 690 | @aD738.236@v3 | |
| 701 | 0 | @a宁泉骋@4著 |
| 801 | @aCN@bPftUser@c20010412 | |
| 905 | @b337270-272@dD738.236@eN692@f3 | |
| 白狼:以色列特工秘密档案/宁泉骋著.-广州:广州出版社,2000.03 |
| 373页;32开 |
| ISBN 7-80655-039-9:19.00元 |
| ● |
| 相关链接 |
|
|
|
正题名:白狼:以色列特工秘密档案
索取号:D738.236/N692
 
预约/预借
| 序号 | 登录号 | 条形码 | 馆藏地/架位号 | 状态 | 备注 |
| 1 | 337270 | 203372705 | 社科库509/509社科库 77排8列4层/ [索取号:D738.236/N692] | 在馆 | |
| 2 | 337271 | 203372714 | 社科库509/ [索取号:D738.236/N692] | 在馆 | |
| 3 | 337272 | 203372723 | 社科库509/ [索取号:D738.236/N692] | 在馆 |